| 000 | 00480nam a22001937a 4500 | ||
|---|---|---|---|
| 003 | OSt | ||
| 005 | 20240624100937.0 | ||
| 008 | 240624b |||||||| |||| 00| 0 eng d | ||
| 020 | _a0137470649 | ||
| 040 | _cmust | ||
| 082 |
_23rd ed. _a600 BES |
||
| 100 |
_aBesterfield,Dale H. _917621 |
||
| 245 | _aQuality control | ||
| 260 |
_alondon: _bPrentice hall; _cc1976. |
||
| 300 |
_aviii,440p.: _bill; _c24cm. |
||
| 504 | _aIncludes index | ||
| 600 | _2physics | ||
| 942 |
_2ddc _cO_SHELF |
||
| 999 |
_c8718 _d8718 |
||